| 000 | 00444nam a2200181Ia 4500 | ||
|---|---|---|---|
| 005 | 20250423101400.0 | ||
| 008 | 250422s9999 xx 000 0 und d | ||
| 020 | _a0- 553- 13101- X | ||
| 050 | _aAG 106 .P48/ | ||
| 100 | _aWallace, Irving | ||
| 245 | 4 | _aThe People’s almanac presents the book of lists #2 | |
| 260 | _aNew York | ||
| 260 | _bBantam Books | ||
| 260 | _c1980 | ||
| 300 | _a529 p | ||
| 650 | _aLiterature | ||
| 942 | _cBK | ||
| 999 |
_c36145 _d36145 |
||